000 00563cam a22002291 4500
001 ne 68000040
003 DLC
005 20260227111836.0
008 880829s1967 xx 000 0 arar
010 _ane 68000040
035 _a(OCoLC)23517614
040 _aDLC
_cMiU
_dDLC
042 _apremarc
043 _aa-iq---
050 0 0 _aHD9576.I72
_bA64
100 1 _aAlaoui, Brahim
245 1 3 _aal-Batrūl al-ʻIrāqī.
260 _a[n. p.]
_c[1967]
300 _a240 p.
_c25 cm.
500 _aRomanized.
650 0 _aPetroleum industry and trade
_zIraq.
999 _c49911
_d49911